000 00551nam a2200181Ia 4500
008 090124s9999 xx 000 0 und d
082 _b18974
_a6251
100 _aदेशपांडे ना.व्यं.
245 _a उत्तर रात्र
250 _a1
260 _c1973
300 _a125
600 _aदेशपांडे ना.व्यं.
630 _a उत्तर रात्र
700 _aदेशपांडे ना.व्यं.
730 _a उत्तर रात्र
942 _cBOOK
999 _c132915
_d132915